Ocular therapeutics (Third edition) (Record no. 32247)

MARC details
000 -LEADER
fixed length control field 00810nam a2200217 a 4500
008 - FIXED-LENGTH DATA ELEMENTS--GENERAL INFORMATION
fixed length control field 191125s2013 ||||||||||||||||| || u
020 ## - INTERNATIONAL STANDARD BOOK NUMBER
International Standard Book Number 9789350903209
050 ## - LIBRARY OF CONGRESS CALL NUMBER
Classification number RE 991 Gar
100 ## - MAIN ENTRY--PERSONAL NAME
Personal name Garg, Ashok
245 10 - TITLE STATEMENT
Title Ocular therapeutics (Third edition)
Statement of responsibility, etc. Editor in chief Ashok Garg
250 ## - EDITION STATEMENT
Edition statement 3rd edition
260 ## - PUBLICATION, DISTRIBUTION, ETC.
Place of publication, distribution, etc. New Delhi
Name of publisher, distributor, etc. Jaypee Brothers Medical Publishers (P) Ltd
Date of publication, distribution, etc. 2013
300 ## - PHYSICAL DESCRIPTION
Extent xxxvi, 1059 pages : illustrations
350 ## -
-- 56.44
650 ## - SUBJECT ADDED ENTRY--TOPICAL TERM
Topical term or geographic name entry element EYE--SURGERY
650 ## - SUBJECT ADDED ENTRY--TOPICAL TERM
Topical term or geographic name entry element THEAPEUTICS, OPTHALAMOLOGICAL
650 ## - SUBJECT ADDED ENTRY--TOPICAL TERM
Topical term or geographic name entry element OCULAR PHARMACOLOGY
650 ## - SUBJECT ADDED ENTRY--TOPICAL TERM
Topical term or geographic name entry element OPHTHALAMATIC DRUGS
650 ## - SUBJECT ADDED ENTRY--TOPICAL TERM
Topical term or geographic name entry element EYE--DISEASES
995 ## -
-- MEDICAL LIBRARY OPEN ACCESS
-- 904425
-- CBU-SCHOOL OF MEDICINE LIBRARY (Ndola)
-- 56.44
-- RE 991 Gar
-- 1
-- AVAILABLE
-- Nov 25, 2019
-- 904425
-- Main Library Open Access Collection
999 ## -
-- 32247
-- 32247
Holdings
Withdrawn status Lost status Source of classification or shelving scheme Damaged status Not for loan Permanent Location Current Location Shelving location Date acquired Total Checkouts Full call number Barcode Date last seen Price effective from Koha item type
          CBU-SCHOOL OF MEDICINE LIBRARY, NDOLA. CBU-SCHOOL OF MEDICINE LIBRARY, NDOLA.   11/30/2022   RE 991 Gar 904425 11/30/2022 11/30/2022 MONOGRAPH